Bilecik Bilecik Bilecik Bilecik Bilecik

Proceedings of ESRUC 2nd Eurasian Silk Road Universities Convention (ESRUC) "Bulilding bridges in higher education seeking for a eurasian model and developing ESRUC consortium" 03-06 June 2011, Erzurum/ (Record no. 33422)

MARC details
000 -BAŞLIK
Sabit Uzunluktaki Kontrol Alanı 01454nam a22003617a 4500
008 - SABİT UZUNLUKTAKİ VERİ ÖGELERİ - GENEL BİLGİ
Sabit Alan 111028b2011 tu a|||gro|||#1|||0|eng |
040 ## - KATALOGLAMA KAYNAĞI
Özgün Kataloglama Kurumu TR-BiSEU
Kataloglama Dili tur
Çeviri Kurumu TR-BiSEU
Açıklama Kuralları rda
001 - KONTROL NUMARASI
Control Dosyası 0033405
003 - KONTROL NUMARASI KİMLİĞİ
Kontrol Alanı KOHA_MİRAKIL
005 - EN SON İŞLEM TARİHİ ve ZAMANI
Kontrol Alanı 20260207002851.0
007 - FİZİKSEL TANIM SABİT ALAN - GENEL BİLGİ
Sabit uzunluklu kontrol alanı ta
020 ## - ISBN - ULUSLARARASI STANDART KİTAP NUMARASI
Isbn 9789754421620
041 0# - DİL KODU
Metin ya da ses kaydının dil kodu eng
044 ## - YAYINLAYAN/ÜRETEN KURULUŞUN ÜLKE KODU
ISO country code tu
050 ## - SINIFLAMA ve YER NUMARASI
Sınıflama Numarası LC1090
Yer Numarası .E93 2011
100 0# - KİŞİ ADI
Yazar Adı (Kişi adı) Tüzemen,Sebahattin.
111 2# - TOPLANTI ADI
Toplantı Adı Eurasian Silk Road Universities Convention (2nd : 2011 : Erzurum)
9 (RLIN) 64879
245 1# - ESER ADI BİLDİRİMİ
Başlık Proceedings of ESRUC 2nd Eurasian Silk Road Universities Convention (ESRUC) "Bulilding bridges in higher education seeking for a eurasian model and developing ESRUC consortium" 03-06 June 2011, Erzurum/
Sorumluluk Bildirimi prepared by Sebahattin Tüzemen...[et. all].
264 #1 - ÜRERİM, YAYIN, DAĞITIM ve TELİF BİLDİRİMİ
Yayın yeri Erzurum :
Yayınlayan Atatürk Universitiy
Yayın tarihi 2011
300 ## - FİZİKSEL TANIMLAMA
Sayfa, Cilt vb. 287 p. :
Diğer fiziki detaylar ill. ;
Boyutları 30 cm.
336 ## - İÇERİK TÜRÜ
Content type term metin
Content type code txt
Source rdacontent
337 ## - MEDYA TÜRÜ
Media type term aracısız
Media type code n
Source rdamedia
338 ## - TAŞIYICI TÜRÜ
Carrier type term cilt
Carrier type code nc
Source rdacarrier
490 1# - DİZİ BİLDİRİMİ
Dizi Bildirimi Atatürk Universitiy Publications ;
Cilt Numarası 988.
500 ## - GENEL NOT
Genel Not Other title : 1. Avrasya İpek Yolu Üniversiteleri Toplantısı "Yükseköğretimde yeni yaklaşımlar ve işbirliği arayışları"
650 #0 - KONU BAŞLIĞI EK GİRİŞ - KONU TERİMİ
Konusal terim veya coğrafi ad International education.
9 (RLIN) 46535
650 #0 - KONU BAŞLIĞI EK GİRİŞ - KONU TERİMİ
Konusal terim veya coğrafi ad Education, Higher.
9 (RLIN) 46536
650 #0 - KONU BAŞLIĞI EK GİRİŞ - KONU TERİMİ
Konusal terim veya coğrafi ad Uluslararası Eğitim.
9 (RLIN) 46537
650 #0 - KONU BAŞLIĞI EK GİRİŞ - KONU TERİMİ
Konusal terim veya coğrafi ad Eğitim, Yüksek.
9 (RLIN) 46538
830 1# - SERİ EK GİRİŞİ - TEKBİÇİM ESER ADI
Tekbiçim Başlık Atatürk Universitiy Publications ;
Volume number/sequential designation 988.
9 (RLIN) 46539
907 ## - LOCAL DATA ELEMENT G, LDG (RLIN)
a Kongre
942 ## - EK GİRİŞ ÖGELERİ (KOHA)
Source of classification or shelving scheme Library of Congress Classification
Koha item type Book
Holdings
Materyal Türü Kalıcı Konum Mevcut Konum Raf Yeri Sınıflandırma Kaynağı Edinim Bilgisi Ana Konular Alt Konular Yer Numarası Demirbaş Numarası Fatura Tarihi Geri Çekilme Durumu Kayıp Durumu Hasarlı Durumu Kredi için değil Kayıt Tarih Toplam Ödünçverme Son Görülme Tarihi Son Kontrol Tarihi Genel / Bağış Notu
Book Prof. Dr. Azmi Özcan Kütüphanesi Prof. Dr. Azmi Özcan Kütüphanesi Uluğbey Salonu Library of Congress Classification Bağış EĞİTİM Eğitimin Özel Yönleri LC1090 .E93 2011 0033405 02/02/2026         28/10/2011   05/12/2024 05/12/2024 Genel Bağış